Reset kariery - Łukasz Piszczek - Statystyki

Ogólne statystyki
  • Ten quiz został rozwiązany 7 razy
  • Średni wynik to 4 z 6
Statystyki odpowiedzi
Sezon Klub OVR % Poprawnych
24/25 Zagłębie Lubin 63
100%
33/34 FC Lugano 79
60%
25/26 Goztepe 65
60%
28/29 NAC Breda 67
60%
38/39 Eintracht Frankfurt 84
40%
34/35 RB Salzburg 81
40%
Nie znaleziono quizów pasujących do podanych kryteriów
Rozkład punktacji
Procent ludzi z każdym wynikiem
Percentyl według liczby udzielonych odpowiedzi
Twoja historia wyników
Nie rozwiązałeś tego quizu